000 02727cam a22003854a 4500
999 _c532584
_d532584
001 15361391
003 NUST
005 20191126110012.0
008 080710s2008 enkab b 001 0 eng
010 _a 2008932879
020 _a9781847207524 (hbk.)
020 _a1847207529 (hbk.)
035 _a(OCoLC)ocn213310387
038 _aMSOHAIL
040 _aUk
_cUk
_dBTCTA
_dYDXCP
_dBAKER
_dBWKUK
_dBWK
_dNLGGC
_dBWX
_dUCDLL
_dOCLCA
_dCDX
_dAGL
_dOWT
_dDLC
042 _alccopycat
043 _aa-cc---
050 0 0 _aK3585
_b.C459 2008
082 0 4 _a344.510463
_222
084 _a86.75
_2bcl
245 0 0 _aChina and international environmental liability :
_blegal remedies for transboundary pollution /
_cedited by Michael Faure and Song Ying.
260 _aCheltenham, UK ;
_aNorthampton, MA :
_bEdward Elgar,
_cc2008.
300 _axx, 360 p. :
_bill., maps ;
_c25 cm.
490 1 _aNew horizons in environmental law
504 _aIncludes bibliographical references and index.
505 0 _aIntroduction and editorial preface / Michael Faure and Song Ying -- Cluster-litigation in cases of transboundary environmental harm / André Nollkaemper -- The role of international conventions in solving transboundary pollution disputes / James Harrison -- Transboundary vessel-source marine pollution: international legal framework and its application to China / Wang Hui -- ILC proposal on the role of origin state in transboundary damage / Gou Haibo -- Applying national liability law to transboundary pollution: some lessons from Europe and the United States / Michael Faure and Gerrit Betlem -- The joint governance of transboundary river basins: some observations on the role of law / Marjan Peeters -- A new look at environmental impact assessments: using customary law to prevent domestic and transboundary environmental damage -- Transboundary environmental crimes: an analysis of Chinese and European law / Thomas Richter -- Reflections from the transboundary pollution of Songhua River / Wang Jin, Huang Chiachen and Yan Houfu -- Pondering over the incident of Songhua River pollution from the perspective of environmental law / Wang Canfa, Yu Wen-xuan, Li Dan and Li Jun-hong -- Comparative and concluding remarks / Michael Faure and Song Ying.
650 0 _aEnvironmental law, International.
_926189
650 0 _aTransboundary pollution
_xLaw and legislation
_zChina.
_926190
700 1 _aFaure, Michael
_q(Michael G.)
_926191
700 1 _aSong, Ying,
_d1960-
_926192
830 0 _aNew horizons in environmental law series.
_926193
906 _a7
_bcbc
_ccopycat
_d2
_encip
_f20
_gy-gencatlg
942 _2ddc
_cBK